000
00290nam a22001337a 4500
999
_c
529810
_d
529810
003
NUST
038
_a
MSOHAIL
082
_a
0
100
_a
Leanne Depue
_9
22667
245
_a
Safety management systems
260
_a
Washington
_b
TRB
_c
c2003
300
_a
42,p;
_c
28cm
_e
P/B
942
_2
ddc
_c
BK